00569cam a22002171 4500001001300000003000400013005001700017008004100034010001700075025002000092035002000112040001900132042001200151050001800163110005600181245002100237260002200258300003400280651002000314999001700334sa 68010473 DLC20260227112552.0880930s1967 ii ac 000 0 eng  asa 68010473  aPL480:I-E-10019 a(OCoLC)18548606 aDLCcMiEMdDLC apremarc00aDS485.T8bA571 aTripura, India (Union Ter.).bPublicity Department.10aThis is Tripura. a[Agartala?c1967] a46 p.billus., ports.c22 cm. 0aTripura (India) c83403d83403